[Event "Goodricke op 12th"]
[Site "Kolkata"]
[Date "2001.02.07"]
[Round "2"]
[White "Sorokin, Maxim"]
[Black "Mikhalevski, Victor"]
[Result "1-0"]
[WhiteElo "2538"]
[BlackElo "2500"]
[Annotator "Ribli,Z"]
[PlyCount "95"]
[EventDate "2001.02.06"]
[EventType "swiss"]
[EventRounds "11"]
[EventCountry "IND"]
[SourceTitle "CBM 082"]
[Source "ChessBase"]
[SourceDate "2001.05.17"]
[SourceVersion "1"]
[SourceVersionDate "2001.05.17"]
[SourceQuality "1"]

1. c4 Nf6 2. g3 e6 3. Bg2 d5 4. Nf3 dxc4 5. Qa4+ {Dieser Zug ist sehr populär,
er erscheint mir in der Tat auch stärker als die Alternativen 5.Qc2 oder 5.Na3.
} Nbd7 6. Qxc4 c5 7. d3 {Das ist ein schlauer Zug - im Falle von 7.0-0 kann
Schwarz z.B. 7...b6 spielen und nach 8.Nd4 mit 8...Ne5 fortsetzen. Nach dem
Textzug hingegen geht 7...b6 nicht, denn nach 8.Nd4 Ne5 9.Nc6 gewinnt Weiß
Material.} Bd6 (7... Rb8 $5) (7... a6 8. Qb3 (8. a4 b5 9. Qb3 Bb7 10. axb5 Bd5
11. Qc2 axb5 12. Rxa8 Qxa8 13. O-O Be7 14. b3 O-O 15. Bb2 Qb7 16. Nbd2 Ra8 $11)
8... Qc7 9. a4 b6 10. Bf4 Bd6 11. Nd4 Nd5 12. Bxd6 Qxd6 13. Nf5 Qe5 14. Ne3 Bb7
15. Nd2 Rb8 16. Nec4 Qc7 $11) 8. a4 {Mit diesem Zug gewinnt Weiß Raum am
Damenflügel. Sollte sich Schwarz zu a7-a6 entschließen, kann Weiss mit a4-a5
positionellen Druck am Damenflügel aufbauen.} Rb8 (8... Nb6 9. Qb3 Bd7 10. a5
Nbd5 11. e4 Nb4 12. e5 Bb5 13. O-O Bxd3 14. exf6 Qxf6 15. Qa4+ Kf8 16. Bg5 Qxb2
17. Nbd2 Bxf1 18. Rxf1 Be7 19. Nc4 Qc2 20. Qd7 f6 21. Qxe6 Qg6 22. Nfe5 {
1-0 Antunes,A-Veingold,A/Benasque 1995/EXT 97 (22)}) (8... b6 $2 9. Nd4 Ne5 10.
Nc6 Nxc6 (10... Nxc4 $2 11. Nxd8 Rb8 12. Nc6 Bb7 13. dxc4 Rc8 14. Nxa7 $18) 11.
Bxc6+ Bd7 12. Bxa8 Qxa8 13. O-O (13. f3 h5 14. Nc3 h4 15. gxh4 Qb8 16. Be3 Be5
17. Bf2 Qd6 18. Rg1 $16 {1/2-1/2 Ribli,Z-Almasi,Z/HUN 1995/EXT 97 (36)}) 13...
h5 14. h4 Bc6 15. Nc3 Qb8 16. Bf4 e5 17. Bg5 e4 18. Bxf6 Bxg3 19. Bg5 Bh2+ 20.
Kh1 Be5 21. dxe4 Qc8 22. Qd3 f6 23. f4 $1 {1-0 Gurevich,D-Mikhalevski,V/
Beersheba 1993/CBM 38/[Ribli] (35)}) (8... Bc7 9. Nc3 a6 10. Qa2 O-O 11. O-O h6
12. a5 Rb8 13. Nd2 Qe7 14. Qa3 Re8 15. Nc4 {1-0 Arsovic,Z-Kohlweyer,B/Nis 1994/
EXT 97 (56)}) (8... O-O $5 9. O-O b6 $13 {Makarov,M-Sveshnikov,E/Podolsk/1992/
CBM33/INF57,9/}) 9. Nc3 {[%cal Rc3b5,Rb5a7,Rb5d6]} a6 {Schwarz muss so spielen,
sonst kommt 10.Nb5.} 10. a5 {Damit paralysiert Weiß den schwarzen Damenflügel
- Schwarz muss früher oder später b7-b5 ziehen, aber danach bekommt er immer
eine schlechte Bauernstruktur.} b5 (10... O-O 11. O-O b5 12. axb6 Nxb6 13. Qa2
Nfd5 14. Ne4 Be7 15. Bd2 Nb4 16. Bxb4 cxb4 17. Ne5 Bb7 18. Rfe1 Re8 19. Nd2
Bxg2 20. Kxg2 Qd5+ 21. Qxd5 exd5 22. Rxa6 {(...). 1-0 Nogueiras,J-Estrada
Nieto,J/Mexico 1991/TD (22)}) 11. axb6 Nxb6 12. Qh4 $6 {Das ist eine neue Idee.
Es ist richtig, dass die weiße Qh4 ein wenig exponiert steht, aber nach dem
sonst üblichen 12.Qa2 kann Schwarz mit N(b)d5 und Nb4 die Stellung der weißen
Dame ausnutzen. Trotzdem, meiner Meinung nach steht die Dame auf h4 noch
schlechter als auf a2, in der Folge wird Weiß wegen ihr viele Tempi verlieren.}
(12. Qa2 Nbd5 (12... Nfd5 13. Ne4 $14) 13. O-O O-O 14. Bd2 (14. Bg5 h6 15. Bxf6
Nxf6 16. Nd2 Rb4 17. Nc4 Bc7 18. Rfc1 h5 19. Na4 h4 20. Qa3 Ng4 21. Nxc5 hxg3
22. hxg3 Bxg3 23. fxg3 Qd4+ 24. e3 Qxc5 25. d4 {1/2-1/2 Petrosian,A-Wegener,O/
Dortmund 2000/CBM 78 (25)}) 14... h6 15. Rfc1 Qe7 16. Ne1 {1/2-1/2 Akopian,
V-Ehlvest,J/Stratton Mountain 1999/EXT 2000 (16)}) 12... Nbd5 13. O-O O-O 14.
e4 (14. Rd1 Be7 $1 {[%cal Ge7h4]} (14... Ne7 15. Ne4 Nxe4 16. dxe4 $14) (14...
Nxc3 15. bxc3 Nd5 16. Qxd8 Rxd8 17. Bd2 $14)) 14... Ne7 $11 {[%csl Rh4][%cal
Ge7g6,Gg6h4]} (14... Nxc3 15. bxc3 Be7 16. Qf4 Rb3 17. Qd2 Bb7 18. Qc2 $14) 15.
Qg5 Nc6 (15... e5 16. Nxe5 $2 h6 $19) 16. Qe3 e5 {[%csl Yd4][%mdl 32] Beide
Seiten haben in dieser Stellung Schwächen zu beklagen - der Punkt d4 ist
ebenso schwach wie der Punkt d5; der weiße Bg2 steht genauso passiv wie sein
Gegenüber auf d6; zudem haben beide Spieler Probleme mit der Bauernstruktur.}
17. Nd2 {[%cal Gd2c4]} Nb4 {[%cal Rb4c2,Rc2a1,Rc2e3]} (17... Nd4 18. Rb1) 18.
Rb1 Bc7 $15 {[%csl Rd3]} 19. Nc4 (19. Qxc5 $2 Nxd3 20. Qe3 Ng4 21. Qe2 Bb6 $17)
19... Be6 (19... Nxd3 $2 20. Rd1 $18) (19... Qxd3 20. Qxc5 Nd7 21. Qxc7 Rb7 22.
Qd6 Qxc4 23. Rd1 $14) (19... Qd4 $1 $15) 20. Rd1 Qd4 {Schwarz übt spürbar
positionellen Druck aus, er hat gutes Figurenspiel.} 21. Bf1 Bg4 (21... Rfd8 $5
$17) (21... Ng4 22. Qe2 (22. Qxd4 cxd4 23. Na4 Rb5 $15) 22... f5 $36) 22. Be2
h5 $6 {Dieser Zug ist zu optimistisch. Es wäre besser, mit dem Turm die
halboffene d-Linie zu besetzen.} (22... Rfd8 $15) 23. f3 Be6 24. Qf2 {Droht 25.
Be3.} Qxf2+ $6 (24... Nc2 25. Bg5 Nd7 26. Rbc1 Qxf2+ 27. Kxf2 Nd4 $15) 25. Kxf2
Rfd8 26. Be3 $11 {Weiß hat seine Entwicklung endlich beendet, und nun zeichnen
sich auch Schwächen in der schwarzen Stellung ab.} Nd7 27. Rbc1 {[%cal Gc1c7]}
Rdc8 (27... Nb6 28. Bxc5 (28. Nxb6 Bxb6 29. Na4 $2 Bb3 {[%cal Rb3a4,Rb3d1]} 30.
Nxb6 Bxd1 31. Rxd1 Rxb6 32. Bxc5 Rbb8 33. f4 Nc6 $17) 28... Nxd3+ 29. Rxd3 Bxc4
(29... Rxd3 30. Bxd3 Bxc4 31. Bxc4 Nxc4 32. b4 $14) 30. Rxd8+ Rxd8 31. b4) 28.
Na4 Bd8 $2 {Dieser Zug ist passiv und schlecht.} (28... Nc6 $1 29. Nxc5 (29. f4
Nd4 30. Bxd4 cxd4 31. fxe5 (31. Bxh5 exf4 $15) 31... Bxe5 (31... g6 32. Nd6
Bxd6 33. exd6 Bb3 34. Rxc8+ Rxc8 35. Ra1 Rc6 $11) 32. Bxh5 Bxc4 33. Rxc4 Rxc4
34. dxc4 Rb4 $15) 29... Nxc5 30. Bxc5 Bxc4 31. dxc4 (31. Rxc4 Rxb2 $11) 31...
Rxb2 $11) 29. f4 $1 f6 $6 (29... Bxc4 30. Rxc4 $16) (29... g6 $5 30. fxe5 Be7
$14) 30. Bxh5 $16 {Weiß hat einen Mehrbauern - Schwarz verfügt über keinerlei
Kompensation.} Be7 31. f5 Bf7 (31... Bxc4 32. Rxc4 $16 (32. dxc4 Rd8 33. Rd2
Nc6 {[%cal Gc6d4]})) 32. Bxf7+ Kxf7 33. Ke2 Nc6 34. Nc3 {[%csl Yd5][%cal Gc3d5]
Der weiße Springer zielt das strategisch wichtigste Feld an.} Nd4+ 35. Bxd4
cxd4 36. Nd5 {[%csl Gc4,Gd5] Weiß hat nicht nur einen Bauern mehr, seine
Stellung ist auch viel besser. Der Nd5 beherrscht das Brett.} Nc5 37. Ncb6 (37.
b4 $6 Na4 $132) 37... Rd8 (37... Rh8 38. h4 $16) 38. Ra1 (38. b4 $5 Nd7 39.
Nxe7 Rxb6 (39... Kxe7 40. Nd5+ Kd6 41. Ra1 Ra8 42. Rdc1 $16) 40. Nd5 $16) 38...
Nd7 $6 (38... Rxd5 $142 $5 39. Nxd5 Rxb2+ 40. Kf3 Rxh2 $16) 39. Nc4 Rb7 (39...
Nc5 40. b4 $18) 40. Rxa6 $18 {[%csl Gc4,Gd5][%mdl 1024] Bei zwei Mehrbauern
und aktivem Springer steht Weiß klar auf Gewinn.} Rdb8 41. Rda1 Nc5 (41...
Rxb2+ 42. Nxb2 Rxb2+ 43. Kf3 Rxh2 (43... Rd2 44. Ra7 $18) 44. Ra7 Ke8 45. R1a6
$18) 42. Ra7 {Mit einfachen Zügen gelingt es Weiß, seinen Materialvorteil zu
verwerten.} Nb3 43. Rxb7 Rxb7 44. Ra6 Nc5 45. Rc6 (45. Rb6 $18) 45... Nb3 (
45... Bf8 46. b4 $18 (46. Rc7+ $18)) 46. g4 (46. Rc7 $18) 46... Bb4 47. Kd1 (
47. Rc7+ $2 Rxc7 48. Nxc7 Nc1+ 49. Kf3 Nxd3 50. Nd5 $16) 47... Kg8 48. h4 1-0

[Event "Goodricke op 12th"]
[Site "Kolkata"]
[Date "2001.02.11"]
[Round "6"]
[White "Sorokin, Maxim"]
[Black "Barsov, Alexei"]
[Result "1-0"]
[WhiteElo "2538"]
[BlackElo "2500"]
[Annotator "Ribli,Z"]
[PlyCount "57"]
[EventDate "2001.02.06"]
[EventType "swiss"]
[EventRounds "11"]
[EventCountry "IND"]
[SourceTitle "CBM 082"]
[Source "ChessBase"]
[SourceDate "2001.05.17"]
[SourceVersion "1"]
[SourceVersionDate "2001.05.17"]
[SourceQuality "1"]

1. c4 e6 2. g3 d5 3. Bg2 dxc4 4. Qa4+ {Der russische GM wählt gerne diesen
Aufbau.} Nd7 5. Qxc4 c5 6. d3 (6. Nc3) (6. Nf3) 6... Ngf6 7. Nf3 {Jetzt haben
wir durch Zugumstellung eine Stellung aus der Partie Sorokin,M - Mikhalevski,V
Goodricke 12th op 2001 erreicht. (Ich merke an, dass diese Partie in der 2.
Runde gespielt wurde, während unsere Hauptpartie aus der 6.Runde stammt.)} Bd6
8. a4 O-O (8... Rb8 9. Nc3 a6 10. a5 b5 11. axb6 Nxb6 12. Qh4 Nbd5 13. O-O O-O
{So verlief die Partie Sorokin,M - Mikhalevski,V; s. Anmerkung nach 7.Nf3.}) 9.
Nc3 (9. O-O Nb6 (9... b6 10. Ng5 Ne5 11. Qc2 Nd5 12. d4 Ng6 13. Nc3 $14 {
Makarov,M-Sveshnikov,E Podolsk 1992 CBM/33}) 10. Qc2 Bd7 11. e4 $1 Bc6 12. Nbd2
e5 13. b3 Re8 14. Bb2 $14 {Dorfman-Nogueiras Moskva GMA 1990 49/9}) (9. Qb3 Ne5
(9... Rb8 10. Na3 Bc7 11. Nb5 Ba5+ 12. Bd2 $5 a6 {[#]} 13. Na7 c4 $5 14. Qxc4
Bxd2+ 15. Nxd2 Nb6 16. Qc5 Bd7 (16... Nfd7 17. Qd6 $16) 17. a5 $1 {1-0 Akopian,
V-Almasi,Z/Ubeda 1997/CBM 58/[Ribli] (44)}) 10. Nxe5 Bxe5 11. Na3 Rb8 12. Nc4
Bc7 13. Qa3 b6 14. b4 cxb4 15. Qxb4 e5 16. O-O Bg4 {1/2-1/2 Lputian,S-Ivanchuk,
V/Batumi 1999/CBM 74 (16)}) 9... Bc7 {Dieser Zug ist gegen den Raumgewinnzug
a4-a5 gerichtet.} (9... a6 10. Qb3 Rb8 11. Nd2 b6 12. Nc4 Bc7 13. O-O Ne5 (
13... Bb7 $2 14. Bxb7 Rxb7 15. Na5 $18) 14. Rd1 $5 (14. Bf4 Nxc4 15. Qxc4 Bxf4
16. Qxf4 Bb7 17. Bxb7 Rxb7 18. Qc4 a5 19. Ne4 {1/2-1/2 Wirthensohn,H-Luther,T/
Altensteig 1990/CBM 20/[Ribli] (19)}) 14... Bd7 15. Nxe5 Bxe5 16. Qc4 a5 17.
Be3 $14 {Vukic-Dizdar Zenica 1985}) 10. O-O a6 11. Bg5 b6 (11... h6 12. Bxf6
Qxf6 13. d4 (13. Ne4 Qxb2 $13) 13... cxd4 (13... b6 14. dxc5 bxc5 15. Ne4 $14)
14. Qxc7 dxc3 15. bxc3 $14 {[%csl Gc7]}) 12. d4 $14 {Weiß hat Raumvorteil und
Initiative im Zentrum.} Bb7 (12... cxd4 13. Nxd4 Ne5 14. Bxf6 gxf6 (14... Nxc4
15. Bxd8 Rxd8 16. Bxa8 Rxd4 17. Rfd1 $18) 15. Nc6 Nxc6 16. Bxc6 $16 (16. Rfd1
$16)) 13. Rfd1 {[%cal Gd1d8]} Qe7 (13... Bd5 14. Nxd5 exd5 15. Qc2 $14) 14. b4
$5 {[%cal Gc4c7][%mdl 512] Eine originelle Idee - Weiß opfert einen Bauern für
dauerhafte Initiative.} Bd5 (14... cxd4 $2 15. Qxc7 Bxf3 16. Bxf6 gxf6 17. Rxd4
$18) (14... cxb4 15. Qxc7 Bxf3 16. Bxf3 Rac8 17. Bxf6 gxf6 18. Nd5 exd5 19. Qb7
$16 {[%csl Ra6,Gb7,Rd5]}) 15. Qd3 (15. Nxd5 exd5 16. Qc2 c4 17. b5 $11) 15...
cxb4 (15... c4 16. Qb1 $14 {[%cal Re2e4]}) 16. Nxd5 exd5 17. Rac1 $44 {Weiß
hat einen Bauern weniger, aber seine Figuren stehen aktiv.} Ra7 (17... Bd6 18.
Nh4 $44 {[%cal Rh4f5,Rg2d5]}) 18. Nh4 {Es droht der unangenehme Springerzug 19.
Nf5; und aufgrund der Fesslung der schwarzen Dame hängt der Pd5.} Qe6 (18...
Re8 $5 19. Bxd5 Qxe2 20. Bc6 $44) 19. Bd2 a5 (19... Re8 20. e3 a5 21. Qb5 $44 {
[%csl Yc6]}) 20. Qb5 {[%csl Yc6][%mdl 2048] Weiß droht 21.Rc6 mit
positionellem Druck. der schwarze Materialvorteil ist kaum von Bedeutung,
tatsächlich hat Schwarz Schwierigkeiten bei der Koordination seiner Figuren.}
Ne4 (20... Bd6 21. Rc6 $44) 21. Rc6 Nd6 (21... Bd6 22. Bxe4 dxe4 23. d5 Qf6 24.
Bf4 Ne5 25. Bxe5 Qxe5 26. Qxb6 $14) 22. Qxd5 Qxe2 23. Bf3 Nf6 $2 (23... Qe6 24.
Rdc1 (24. Qxe6 fxe6 25. Rdc1 Bb8 26. Re1 $36) 24... Qxd5 (24... Bb8 25. Bf4
Qxd5 26. Bxd5 Ne8 27. Bxb8 Nxb8 28. Rxb6 Nf6 29. Bb3 Nbd7 30. Rbc6 $14) 25.
Bxd5 Nf6 26. Bb3 $44) 24. Qxf7+ $5 (24. Qe5 $1 Qa6 (24... Qxe5 $2 25. dxe5 $18)
25. Rxc7 Rxc7 26. Qxd6 $16) 24... Rxf7 25. Bxe2 $14 {Die Stellung ist nun
materiell wieder ausgeglichen, aber dank des Läuferpaares hat Weiß einen
kleinen, aber dauerhaften Vorteil.} Rd7 (25... Nfe4 26. Be1 $14) 26. Nf3 {
[%csl Ye5][%cal Gf3e5]} (26. Bf4 Nfe4 27. Bg4 $16) 26... Nde4 27. Bc4+ Kf8 (
27... Kh8 28. Bf4 $14) 28. d5 $1 Bd6 (28... Nxd5 $2 29. Bxd5 Rxd5 30. Bxb4+ $18
) 29. Nd4 $16 {[%csl Gd5][%cal Gd4e6,Ge6f8,Rd4b5,Rb5d6,Rb5a7] Weiß hat
positionelln Vorteil, doch der Gewinn der Partie ist noch keineswegs gesichert
- Schwarz überschritt hier die Zeit, oder war es psychisch nicht stark genug,
um diese nachteilige Stellung fortzusetzen?} 1-0

[Event "Linares zt"]
[Site "Linares"]
[Date "1995.??.??"]
[Round "5"]
[White "Hodgson, Julian M"]
[Black "San Segundo Carrillo, Pablo"]
[Result "1/2-1/2"]
[WhiteElo "2590"]
[BlackElo "2520"]
[Annotator "Ribli,Z"]
[PlyCount "119"]
[EventDate "1995.11.??"]
[EventType "swiss"]
[EventRounds "11"]
[EventCountry "ESP"]
[SourceTitle "CBM 051"]
[Source "ChessBase"]
[SourceDate "1996.04.01"]
[SourceVersion "1"]
[SourceVersionDate "1996.04.01"]
[SourceQuality "1"]

1. c4 e6 2. g3 d5 3. Nf3 Nf6 4. Bg2 dxc4 5. Qa4+ Nbd7 6. Qxc4 a6 (6... c5 $5)
7. Qc2 $5 (7. d3 b5 8. Qc6 Rb8 9. Bf4 Nd5 10. Bg5 Be7 11. Bxe7 Qxe7 12. O-O Bb7
$10 {Salov,V-Timman,J/Sanghi Nagar m/1994/CBM42/INF61,08}) (7. Qb3 $1 Rb8 (7...
c5 8. a4 $1 Qb6 9. Qxb6 Nxb6 10. a5 Nbd5 11. O-O Bd7 12. d3 Be7 13. Na3 O-O 14.
Bd2 Rfd8 15. Rfc1 Be8 16. Nc4 $14 {Petursson,M-Jonsson,B/Akureyri/1994/CBM40/})
(7... Bd6 8. d3 O-O 9. O-O e5 10. Nbd2 Nc5 11. Qc2 Bg4 12. Nc4 $14 {Kiselev,
S-Sveshnikov,E/St.Petersburg zt/1993/CBM34/INF56,(17)/}) 8. O-O c5 9. d4 cxd4
10. Bf4 Nc5 11. Qc4 Bd6 12. Qxd4 Bxf4 13. Qxf4 Bd7 14. Nc3 O-O 15. Ne5 $14 {
Sorokin,M-Sveshnikov,E/RUS-ch Elista/1995/CBM50}) 7... c5 8. a4 {Weiss droht /
\ mit a5 und dann waere der schwarze Damenfluegel sehr schwach.} (8. Nc3 $5 {
Nach meiner Meinung nur dieser Zug gibt Vorteil fuer den Nachziehenden.} Ra7 9.
O-O b6 10. d4 Bb7 11. e4 $14 {Vaganian,R-Yusupov,A/Riga Tal/1995/CBM47/INF64,
(12)/}) 8... b6 $1 $146 {Eine logische Fortsetzung.} (8... Rb8 $2 9. a5 $1 Bd6
10. d3 Bc7 11. Bd2 $14 {Vaulin,A-Duchov,A/Kstovo op/1994/EXP42/}) 9. O-O Bb7
10. d3 {Eine Neuerung.} (10. Nc3 Be7 11. b3 O-O 12. Bb2 Rc8 13. Rfd1 Rc7 $10 {
Panno,O-Keres,P/Moscow olm/1956/}) 10... Be7 (10... Bd6 $5) 11. Bd2 $5 Nb8 $5 {
Der Nachziehende will mit dem folgenden Springermanoever den b4-und d4 Punkten
kontrollieren.} 12. Na3 O-O 13. Qb3 Nc6 14. e4 (14. Nc4 Nd5 {>< b4}) 14... Nd7
15. Nc4 Ra7 $5 {Dieser Zug sieht fuer den ersten Augenblick ungewoenhlich aus,
aber bei A13-14 ist er eine bekannte Idee.} 16. Rfc1 Ba8 17. Be3 Qb8 18. Bf4 $5
(18. d4 b5 19. axb5 (19. Ncd2 c4 20. Qd1 Nb4 $13) 19... axb5 20. Rxa7 Nxa7 (
20... Qxa7 21. Na3 b4 22. Nc2 $13) 21. Ncd2 Rc8 $10) 18... e5 19. Bd2 {Droht /
\ Bh3 ><b6} Rd8 $5 20. Bh3 b5 $8 21. axb5 axb5 22. Rxa7 Qxa7 (22... Nxa7 $2 23.
Bxd7 bxc4 (23... Rxd7 24. Ncxe5 $18) 24. Qxb8 Rxb8 25. Rxc4 Rxb2 26. Ra4 Rb7
27. Nxe5 $18) 23. Ne3 {>< d5} (23. Na3 b4 24. Nc4 Qc7 $10) (23. Qxb5 $4 Rb8 $19
) 23... Rb8 (23... b4 $2 24. Nd5 Bf8 25. Ng5 $40 (25. Bg5 $5)) 24. Nd5 Bf8 25.
Ng5 {/^ b3-f7} (25. Be3 Nd4 26. Nxd4 (26. Bxd4 exd4 $13) 26... cxd4 27. Rc7 Rb7
28. Rxb7 Qxb7 29. Bd2 $10) 25... c4 $5 {[#] Schwarz will mit diesem
Zwischenzug die weissen Angriffmoeglichkeiten auf der b3-f7 Diagonale
beschraenken.} (25... Nd4 $2 26. Ne7+ $1 Bxe7 27. Qxf7+ Kh8 28. Qxe7 Ne2+ 29.
Kf1 Nxc1 30. Nf7+ Kg8 31. Be6 $18) 26. dxc4 Nd4 27. Qd1 $8 h6 28. Nf3 (28. Ra1
$5 Qb7 29. Nf3 Nxf3+ (29... bxc4 $2 30. Nxd4 exd4 31. Bf4 $16) 30. Qxf3 bxc4
31. Bc3 $14) 28... bxc4 29. Be3 (29. Nxd4 Qxd4 $1 (29... exd4 30. Rxc4 Rxb2 31.
Bxd7 Bxd5 32. exd5 Qxd7 33. Rxd4 Bc5 $44) 30. Bxd7 $2 Qxe4 $17) 29... Bc5 30.
Bxd7 (30. Rxc4 $5 Rxb2 (30... Nxf3+ 31. Qxf3 Bxe3 32. Qxe3 Qxe3 33. fxe3 Bxd5
34. exd5 Nf6 35. d6 $16) 31. Nxd4 exd4 32. Bxd4 (32. Bc1 $5) 32... Bxd4 33.
Qxd4 Qxd4 34. Rxd4 Ne5 $44) 30... Bxd5 31. Nxe5 (31. exd5 Qxd7 32. Nxe5 (32.
Nxd4 exd4 33. Bxd4 Qxd5 34. Bxc5 Qxc5 $10) 32... Qxd5 33. Bxd4 Qxd4 34. Qxd4
Bxd4 35. Nc6 Bxb2 36. Rxc4 $10) 31... Bxe4 32. Rxc4 Rxb2 $1 {[#] Das Blatt hat
sich gewendet, nun kaempft Weiss ums Ueberleben. Schwarz droht /\ mit Rb1 oder
mit Ne2.} 33. Ra4 (33. Bxd4 $2 Bxd4 $19) (33. Rxc5 $2 Qxc5 34. Bxd4 Qxd4 35.
Qxd4 Rb1+ $19) 33... Rb1 $2 {Schwarz koennte hier mit >= Qb7 seinen Gegner ein
unloesbares Problem vorstellen.} (33... Qb7 $1 $19) 34. Qxb1 Bxb1 35. Rxa7 Bxa7
36. Bg4 {Die Stellung ist tot Remis, der Rest der Partie bedarf keines
Kommentars.} Bc5 37. Nd7 Ba7 38. Ne5 Bc5 39. Bd1 Ne6 40. Bxc5 Nxc5 41. Be2 Ne6
(41... Ba2 $5) 42. Bc4 Be4 (42... Nd8 $5) 43. f3 Bb7 44. Bxe6 fxe6 45. Kf2 Bd5
46. Ke3 Kf8 47. h4 Ke7 48. Kf4 Kf6 49. h5 Ba8 50. Ng4+ Ke7 51. Ke3 Bc6 52. Ne5
Be8 53. g4 Kf6 54. Kd4 Ba4 55. Ke4 Bc2+ 56. Kf4 Ba4 57. Nd3 Bc6 58. Nc5 e5+ 59.
Ke3 g6 60. hxg6 {Ribli} 1/2-1/2

[Event "EU-Cup 09th final"]
[Site "Hilversum"]
[Date "1993.12.12"]
[Round "3"]
[White "Brestian, Egon"]
[Black "Hartman, Christer"]
[Result "1-0"]
[WhiteElo "2460"]
[BlackElo "2365"]
[Annotator "Ribli,Z"]
[PlyCount "103"]
[EventDate "1993.12.10"]
[EventType "team-k.o."]
[EventRounds "3"]
[EventCountry "NED"]
[SourceTitle "EXT 2020"]
[Source "ChessBase"]
[SourceDate "2019.10.17"]
[SourceVersion "1"]
[SourceVersionDate "2019.10.17"]
[SourceQuality "1"]
[WhiteTeam "Vienna Margareten Winterthur"]
[BlackTeam "Stockholm Rockaden"]
[WhiteTeamCountry "AUT"]
[BlackTeamCountry "SWE"]

1. c4 e6 2. Nf3 d5 3. g3 Nf6 4. Bg2 dxc4 5. Qa4+ Bd7 6. Qxc4 Bc6 7. O-O Nbd7 8.
d3 (8. Qc2 Bd6 $6 (8... e5 $5) 9. Nc3 O-O $14 {Gelfand,B-Polgar,Zsu/Munich/
1991/CBM23/INF51,14/}) 8... Bd5 (8... Bxf3 $2 9. Bxf3 Ne5 10. Qb5+ $18) 9. Qc2
b6 (9... c5 $5) 10. Nc3 Bb7 11. d4 Be7 (11... c5 12. Rd1 Rc8 13. Bg5 $5 $14)
12. Rd1 Rc8 13. e4 $14 c6 14. a3 O-O 15. Bf4 Nh5 16. Be3 Nhf6 17. h3 Re8 (17...
c5 18. d5 exd5 19. e5 $16) 18. Rd2 Bf8 19. Rad1 g6 20. Qb1 a5 21. Ne5 Qc7 22.
Bf4 Nxe5 (22... Nh5 $2 23. Nxg6 $18) 23. Bxe5 Qe7 24. Bf4 Red8 (24... Ba8 $5
25. Na4 Qa7 $14) 25. Na4 $1 Nd7 26. e5 Ba6 (26... b5 27. Nc3 f6 28. Ne4 $16)
27. Nc3 h6 28. h4 Bc4 29. Ne4 Bd5 30. Qd3 Bxe4 (30... c5 31. Nd6 $1 $16) 31.
Qxe4 (31. Bxe4 $2 Nc5 $1 32. Qe3 Nxe4 33. Qxe4 Rd5 $13) 31... b5 32. Bf1 Bg7 $6
(32... Nb6 $5) 33. Rc1 $1 Nb8 34. Rdc2 $16 Qd7 35. Be3 Bf8 36. h5 Qd5 (36... g5
37. Bd3 Bg7 38. f4 $36) 37. Qxd5 Rxd5 (37... exd5 38. hxg6 fxg6 39. Bxb5 $18)
38. hxg6 fxg6 39. Bg2 Rd7 40. Bxc6 Nxc6 (40... Rdc7 41. Be4 $18) 41. Rxc6 Rxc6
42. Rxc6 Kf7 43. Ra6 a4 44. Rb6 Rd5 45. Kg2 h5 46. Kf3 Be7 47. Ke4 g5 48. f4
gxf4 49. gxf4 Rd8 50. f5 exf5+ 51. Kxf5 Rg8 52. e6+ 1-0